Los héroes del tsunami / (Registro nro. 7418)
[ vista simple ]
| 000 -CABECERA | |
|---|---|
| Longitud fija campo de control | 01093nam a2200229Ia 4500 |
| 008 - • CÓDIGOS DE INFORMACIÓN DE LONGITUD FIJA | |
| Códigos de información de longitud fija | 161108s9999 xx 000 0 und d |
| 020 ## - • NÚMERO INTERNACIONAL NORMALIZADO PARA LIBROS | |
| Número Internacional Normalizado para Libros (ISBN) | 9788494405075 |
| 040 ## - FUENTE DE LA CATALOGACIÓN | |
| Centro catalogador de origen | CO-BoRNBP |
| Lengua de catalogación | spa |
| Normas de descripción | rda |
| Centro transcriptor | CO-BoRNBP |
| 084 ## - • Clasificación Local Alfanúmerica PNLB | |
| Número de clasificación | A VIL17 |
| 100 ## - • PUNTO DE ACCESO PRINCIPAL-NOMBRE DE PERSONA | |
| Nombre de persona | Vilela, Fernando, 1973 |
| 245 ## - • TITULO PROPIAMENTE DICHO | |
| Título | Los héroes del tsunami / |
| Mención de responsabilidad, etc. | Fernando Vilela ; [traducción Maria Lutterbach y Verónica Uribe] |
| 250 ## - • MENCIÓN DE EDICIÓN | |
| Mención de edición | Primera edición |
| 264 ## - PRODUCCIÓN, PUBLICACIÓN , DISTRIBUCIÓN, FABRICACIÓN Y COPYRIGHT | |
| Lugar de producción, publicación, distribución, fabricación | Bogotá : |
| Nombre del productor, editor, distribuidor, fabricante | Ekaré |
| 300 ## - • DESCRIPCIÓN FÍSICA | |
| Extensión | [41] páginas : |
| Otras características físicas | ilustraciones en color ; |
| Dimensiones | 23 cm |
| 336 ## - TIPO DE CONTENIDO | |
| Término de tipo de contenido | texto |
| Código de tipo de contenido | txt |
| Fuente | rdacontent |
| 337 ## - TIPO DE MEDIO | |
| Nombre del tipo de medio | sin mediación |
| Código del tipo de medio | n |
| Fuente | rdamedia |
| 338 ## - TIPO DE SOPORTE | |
| Nombre del tipo de soporte | volumen |
| Código del tipo de soporte | nc |
| Fuente | rdacarrier |
| 500 ## - • NOTA GENERAL | |
| Nota general | Título original : Os heróis do tsunami -- Incluye datos biográficos del autor -- Incluye datos informativos -- Traductoras tomadas del colofón |
| 650 ## - • PUNTO DE ACCESO ADICIONAL DE MATERIA - TÉRMINO DE MATERIA | |
| Término de materia o nombre geográfico como elemento inicial | Cuentos Brasile{Aelig}Os - Siglo Xxi / Literatura Brasile{Aelig}A - Siglo Xxi / Autores Brasile{Aelig}Os / Maremotos / Maremotos - Cuento / Animales - Libros De Imagenes / Desde Los 6 A{Aelig}Os |
| 700 ## - • PUNTO DE ACCESO ADICIONAL - NOMBRE DE PERSONA | |
| Nombre de persona | Vilela, Fernando, 1973 \\ Uribe, Verónica, 1967- Lutterbach, Maria |
| 942 ## - ENTRADA DE ELEMENTOS AGREGADOS (KOHA) | |
| Fuente de clasificaión o esquema | |
No hay ítems disponibles.